000 01071na a2200313 4500
999 _c13146
_d13146
001 15588
003 MIRAKIL
005 20190415165735.0
008 161006b tu 000 0
020 _a9757217255
035 _a15588
040 _aMilas
_btur
_cTR-AnCHP
041 _atur
082 _a323.09561 1998
_bT53b 2000
090 _a323.09561 1998 T53b 2000
110 _aTürkiye İnsan Hakları Vakfı (TİHV)
222 _aTürkiye insan hakları raporu
245 _a1998 Türkiye insan hakları raporu
_cTürkiye İnsan Hakları Vakfı
260 _aAnkara
_bTürkiye İnsan Hakları Vakfı Yayınları
_c2000
300 _a423 s.
_c25 sm.
490 _aTürkiye İnsan Hakları Vakfı yayınları
_v21
650 _aİnsan hakları
_xRaporlar
_y1998
_zTürkiye
650 _aİnsan hakları ihlali
_xRaporlar
_xYıllıklar
_y1998
_zTürkiye
650 _aHak ve özgürlükler
_xRaporlar
_xYıllıklar
_y1998
_zTürkiye
650 _aMedeni haklar
_xRaporlar
_xYıllıklar
_y1998
_zTürkiye
942 _2ddc
_cBKS
999 _d13146
999 _d6667